00437 2200157 4500001002100000005001500021035002000036245008700056100002200143300001200165260004600177082000800223084001400231020002200245990001200267INLIS00000000000253420250604121023 a0010-06250001201 aSuper Modul KSN Fisika 3 :bListrik, Magnet dan Fisika Modern /cHenry Setya Budhi0 aHenry Setya Budhi a175 hlm aJakarta :bPT. Jakarta Sains Media,c2022 a530 a530 HEN s a978-623-6111-15-4 a0754854